| 000 | 02627nam a2200577 i 4500 | ||
|---|---|---|---|
| 001 | 28020 | ||
| 003 | KOSZ 005 | ||
| 005 | 20200814084243.0 | ||
| 008 | 971010s1988 pl a f |000 0 pol | ||
| 015 | _aUWD 1989/6961 | ||
| 035 | _a991002750689705066 | ||
| 035 | _a(PL-WaBN)b10749494-48omnis_nlop | ||
| 035 | _ab10749494 | ||
| 035 | _a(OCoLC)69623172 | ||
| 035 | _a(PL)b0000001074949 | ||
| 035 | _a(EXLNZ-48OMNIS_NETWORK)9910007696805606 | ||
| 040 |
_aWA N _cWA N _dKOSZ 005/HR |
||
| 041 | 0 |
_apol _beng _bpol |
|
| 046 | _k1988 | ||
| 080 | _a621.6 | ||
| 080 | _a628.1 | ||
| 100 | 1 |
_aSozański, Marek M. _d(1942- ) _eAutor |
|
| 245 | 1 | 0 |
_aCharakterystyka laminarnego płynięcia osadów pokoagulacyjnych jako podstawa oceny parametrów ich transportu rurowego / _cMarek M. Sozański. |
| 246 | 1 | 3 | _aLaminar flow characteristics as a principle of determining the parameters of alum sludge transport in pipes |
| 260 |
_aWrocław : _bWydaw. PW, _c1988. |
||
| 300 |
_a128, [2] s., [1] k. tabl. : _brys., wykr. ; _c24 cm. |
||
| 336 |
_aTekst _btxt _2rdacontent |
||
| 337 |
_aBez urządzenia pośredniczącego _bn _2rdamedia |
||
| 338 |
_aWolumin _bnc _2rdacarrier |
||
| 380 | _aKsiążki | ||
| 380 | _aPublikacje naukowe | ||
| 388 | _a1901-2000 | ||
| 388 | _a1945-1989 | ||
| 490 | 1 |
_aPrace Naukowe Instytutu Inżynierii Ochrony Środowiska Politechniki Wrocławskiej. Monografie = _aScientific Papers of the Institute of Environment Protection Engineering of the Technical University of Wrocław. Monographs, _x0084-2869 ; _v28 |
|
| 500 | _aNumeracja ser. gł. : 60. | ||
| 500 | _aTyt. równol. : Laminar flow characteristics as a priniciple of determining the parameters of alum sludge transport in pipes. - Na s. 2 okł. odmiena nazwa serii : Prace Naukowe Politechniki Wrocławskiej. | ||
| 504 | _aBibliogr. s. 116-123. - Rez., summ. | ||
| 650 | 7 |
_aPrzepływ laminarny _2DBN |
|
| 650 | 7 |
_aTransport hydrauliczny _2DBN |
|
| 650 | 7 |
_aUzdatnianie wody _2DBN |
|
| 650 | 7 |
_aWodociąg _2DBN |
|
| 650 | 7 | _aUrządzenia | |
| 650 | 7 | _aModele matematyczne | |
| 658 | _aInżynieria i technika | ||
| 710 | 2 |
_aOficyna Wydawnicza Politechniki Wrocławskiej _4pbl |
|
| 830 | 0 |
_aPrace Naukowe Instytutu Inżynierii Ochrony Środowiska Politechniki Wrocławskiej _v60 |
|
| 830 | 0 |
_aPrace Naukowe Instytutu Inżynierii Ochrony Środowiska Politechniki Wrocławskiej. _pMonografie _v28 |
|
| 856 |
_uhttp://koha.tu.koszalin.pl/cgi-bin/koha/opac-detail.pl?biblionumber=29020 _yKatalog online BPK |
||
| 942 |
_2UKD _cKS |
||
| 999 |
_c29020 _d29020 |
||